[Event "HUN-chT2 Erkel 2324"]
[Site "Hunagry"]
[Date "2024.05.12"]
[Round "9.1"]
[White "Vegh, Endre"]
[Black "Boricsev, Oleg"]
[Result "1/2-1/2"]
[WhiteElo "2184"]
[BlackElo "2189"]
[PlyCount "22"]
[EventDate "2023.10.08"]
[EventType "team-tourn"]
[EventRounds "9"]
[EventCountry "HUN"]
[SourceTitle "EXT 2025"]
[Source "ChessBase"]
[SourceDate "2024.10.14"]
[SourceVersion "1"]
[SourceVersionDate "2024.10.14"]
[SourceQuality "1"]
[WhiteTeam "Dunaharaszti II"]
[BlackTeam "Egri Bolyky"]
[WhiteTeamCountry "HUN"]
[BlackTeamCountry "HUN"]

1. d4 d5 2. c4 e6 3. Nc3 c5 4. cxd5 exd5 5. Nf3 Nc6 6. g3 Nf6 7. Bg2 Be7 8. 0-0 0-0 9. Bg5 c4 10. Ne5 Be6 11. Nxc6 bxc6 1/2-1/2

[Event "HUN-chT2 Erkel 2324"]
[Site "Hunagry"]
[Date "2023.10.08"]
[Round "1.2"]
[White "Bandy, Attila"]
[Black "Vegh, Endre"]
[Result "1/2-1/2"]
[WhiteElo "2300"]
[BlackElo "2184"]
[PlyCount "138"]
[EventDate "2023.10.08"]
[EventType "team-tourn"]
[EventRounds "9"]
[EventCountry "HUN"]
[SourceTitle "EXT 2025"]
[Source "ChessBase"]
[SourceDate "2024.10.14"]
[SourceVersion "1"]
[SourceVersionDate "2024.10.14"]
[SourceQuality "1"]
[WhiteTeam "Godolloi SBE"]
[BlackTeam "Dunaharaszti II"]
[WhiteTeamCountry "HUN"]
[BlackTeamCountry "HUN"]

1. d4 e6 2. Nf3 c5 3. c3 Nf6 4. Bf4 b6 5. e3 Bb7 6. Bd3 Be7 7. h3 0-0 8. Nbd2 d6 9. Qe2 Nc6 10. 0-0 Re8 11. e4 cxd4 12. cxd4 Nxd4 13. Nxd4 e5 14. Bb5 Rf8 15. Bc6 Qc7 16. Bxb7 Qxb7 17. Be3 exd4 18. Bxd4 Rfe8 19. Rfe1 Rac8 20. Rad1 Nd7 21. Nb1 Bf6 22. Nc3 Re6 23. Rd2 Rce8 24. Red1 d5 25. f3 dxe4 26. Nxe4 Bg5 27. Be3 Bxe3+ 28. Qxe3 Nf8 29. Qb3 Qe7 30. Qb5 h6 31. a3 Re5 32. Rd5 Rxd5 33. Rxd5 Rc8 34. Qd3 Rc1+ 35. Kh2 Ne6 36. Ng3 Qf6 37. Rd7 Qe5 38. Rxa7 Qe1 39. Ra8+ Nf8 40. Ne4 Qg1+ 41. Kg3 Qe1+ 42. Kh2 Qg1+ 43. Kg3 Qe1+ 44. Kg4 Rd1 45. Qc4 g6 46. Qc8 f5+ 47. Kf4 Qh4+ 48. g4 Qe7 49. gxf5 gxf5 50. Qxf5 Qc7+ 51. Qe5 Qf7+ 52. Qf5 Qc7+ 53. Kg4 Rd8 54. Nf6+ Kh8 55. Rxd8 Qxd8 56. Nh5 Qd4+ 57. Nf4 Qg1+ 58. Kh5 Nh7 59. Ng6+ Kg7 60. Qe5+ Nf6+ 61. Kh4 Kxg6 62. a4 Qg5+ 63. Qxg5+ hxg5+ 64. Kg3 Kf5 65. b4 Nd5 66. a5 bxa5 67. bxa5 Nb4 68. h4 gxh4+ 69. Kxh4 Kf4 1/2-1/2

[Event "Budapest FS08 IM"]
[Site "Budapest"]
[Date "2023.08.08"]
[Round "4"]
[White "Vegh, Endre"]
[Black "Citra, Dewi Ardhiani Anast"]
[Result "0-1"]
[WhiteElo "2186"]
[BlackElo "2258"]
[PlyCount "58"]
[EventDate "2023.08.05"]
[EventType "tourn"]
[EventRounds "9"]
[EventCountry "HUN"]
[EventCategory "2"]
[SourceTitle "CBM 215 Extra"]
[Source "ChessBase"]
[SourceDate "2023.09.30"]
[SourceVersion "1"]
[SourceVersionDate "2023.09.30"]
[SourceQuality "1"]

1. d4 c5 2. c3 cxd4 3. cxd4 g6 4. e4 d5 5. e5 Bg7 6. Nc3 Nc6 7. Bb5 Nh6 8. Nf3 0-0 9. Bxc6 bxc6 10. 0-0 Bg4 11. h3 Bxf3 12. Qxf3 Nf5 13. Rd1 f6 14. e6 Rb8 15. a3 Rb3 16. Rd3 Qa5 17. g4 Nh4 18. Qg3 g5 19. f4 f5 20. fxg5 Qa6 21. Rd1 fxg4 22. Bf4 Nf3+ 23. Kh1 Rxb2 24. Qxg4 Rxf4 25. Qxf4 Rh2+ 26. Qxh2 Nxh2 27. Kxh2 Qc4 28. Rab1 Bxd4 29. Rf1 Be5+ 0-1

[Event "Budapest FS08 IM"]
[Site "Budapest"]
[Date "2023.08.07"]
[Round "3"]
[White "Varga, Zoltan"]
[Black "Vegh, Endre"]
[Result "1-0"]
[WhiteElo "2363"]
[BlackElo "2186"]
[PlyCount "75"]
[EventDate "2023.08.05"]
[EventType "tourn"]
[EventRounds "9"]
[EventCountry "HUN"]
[EventCategory "2"]
[SourceTitle "CBM 215 Extra"]
[Source "ChessBase"]
[SourceDate "2023.09.30"]
[SourceVersion "1"]
[SourceVersionDate "2023.09.30"]
[SourceQuality "1"]

1. e4 Nc6 2. Nf3 f5 3. exf5 d5 4. d4 Bxf5 5. Bd3 Bg4 6. h3 Bxf3 7. Qxf3 Nf6 8. Qe3 Qd6 9. 0-0 0-0-0 10. Re1 Rg8 11. Bf5+ Kb8 12. Be6 Rh8 13. c3 g6 14. Na3 a6 15. Qf3 Nh5 16. g4 Ng7 17. Bf4 Qxe6 18. Rxe6 Nxe6 19. Bd2 Bg7 20. Nc2 Rhf8 21. Qg3 Rf6 22. g5 Rf5 23. Re1 Nf8 24. Ne3 Rf7 25. Ng4 Nd7 26. Qg2 Nb6 27. b3 Rdf8 28. f4 Na7 29. a4 a5 30. Qe2 Nac8 31. Qb5 Nd6 32. Qxa5 Ndc4 33. bxc4 Nxc4 34. Qxd5 Nxd2 35. Kg2 Rxf4 36. Rxe7 Nf3 37. Qd7 Nh4+ 38. Kh2 1-0

[Event "EU-chT Seniors 65"]
[Site "Swidnica"]
[Date "2023.07.12"]
[Round "1.4"]
[White "Mortensen, Steen Juul"]
[Black "Vegh, Endre"]
[Result "1/2-1/2"]
[WhiteElo "1875"]
[BlackElo "2202"]
[PlyCount "33"]
[EventDate "2023.07.12"]
[EventType "team-swiss"]
[EventRounds "9"]
[EventCountry "POL"]
[SourceTitle "CBM 215 Extra"]
[Source "ChessBase"]
[SourceDate "2023.09.30"]
[SourceVersion "1"]
[SourceVersionDate "2023.09.30"]
[SourceQuality "1"]
[WhiteTeam "Denmark 65"]
[BlackTeam "Hungary 65"]
[WhiteTeamCountry "DEN"]
[BlackTeamCountry "HUN"]

1. d4 c5 2. e3 Nf6 3. Nf3 g6 4. c4 Bg7 5. Nc3 0-0 6. Be2 cxd4 7. exd4 d5 8. h3 Nc6 9. 0-0 b6 10. Qa4 Bb7 11. Rd1 Rc8 12. cxd5 Nxd5 13. Nxd5 Qxd5 14. Be3 Na5 15. Rac1 Rxc1 16. Rxc1 e6 17. Rc7 1/2-1/2

[Event "Zalakaros Barczay Memorial"]
[Site "Zalakaros"]
[Date "2023.06.11"]
[Round "9"]
[White "Vegh, Endre"]
[Black "Zubova, Mariya"]
[Result "1/2-1/2"]
[WhiteElo "2208"]
[BlackElo "2159"]
[PlyCount "128"]
[EventDate "2023.06.03"]
[EventType "swiss"]
[EventRounds "9"]
[EventCountry "HUN"]
[SourceTitle "CBM 214 Extra"]
[Source "ChessBase"]
[SourceDate "2023.07.31"]
[SourceVersion "1"]
[SourceVersionDate "2023.07.31"]
[SourceQuality "1"]

1. d4 Nf6 2. c4 e6 3. Nc3 Bb4 4. Qc2 d5 5. cxd5 exd5 6. Bg5 h6 7. Bh4 g5 8. Bg3 Ne4 9. e3 Bf5 10. Bd3 Bxc3+ 11. bxc3 Nd7 12. Ne2 Nb6 13. Be5 f6 14. f3 fxe5 15. fxe4 dxe4 16. Bxe4 Bxe4 17. Qxe4 Qd5 18. Qg6+ Qf7 19. Qxf7+ Kxf7 20. Rb1 Rhe8 21. 0-0+ Kg6 22. Ng3 h5 23. Rb5 c6 24. Rxe5 Nc4 25. Rc5 Nxe3 26. Rf3 Nd5 27. h4 gxh4 28. Nf5 h3 29. Nh4+ Kg5 30. Rxh3 Kg4 31. Nf3 Rg8 32. Kf2 b6 33. Rh4+ Kf5 34. Rxh5+ Ke4 35. Re5+ Kd3 36. Rxc6 Rad8 37. g3 Rgf8 38. a3 Rf7 39. c4 Rdf8 40. Rxd5 Rxf3+ 41. Kg2 Rf2+ 42. Kh3 Ke2 43. Kg4 R2f3 44. Rg5 Rh8 45. Rcg6 Rxa3 46. d5 Ra4 47. Re6+ Kd3 48. Kf4 b5 49. Re3+ Kxc4 50. Re4+ Kc5 51. d6+ Kxd6 52. Rxa4 bxa4 53. Ra5 Rh7 54. Rxa4 Kc5 55. g4 Kb5 56. Ra1 a5 57. g5 a4 58. g6 Rg7 59. Kf5 Kb4 60. Kf6 Rxg6+ 61. Kxg6 a3 62. Kf5 Kb3 63. Ke4 Kb2 64. Rxa3 Kxa3 1/2-1/2

[Event "HUN-chT 2223"]
[Site "Hungary"]
[Date "2023.02.19"]
[Round "6.11"]
[White "Palczert, Matyas"]
[Black "Vegh, Endre"]
[Result "1/2-1/2"]
[WhiteElo "2296"]
[BlackElo "2210"]
[PlyCount "115"]
[EventDate "2022.11.20"]
[EventType "team-tourn"]
[EventRounds "9"]
[EventCountry "HUN"]
[SourceTitle "CBM 213 Extra"]
[Source "ChessBase"]
[SourceDate "2023.05.31"]
[SourceVersion "1"]
[SourceVersionDate "2023.05.31"]
[SourceQuality "1"]
[WhiteTeam "Aquaprofit"]
[BlackTeam "Dunaharaszti"]
[WhiteTeamCountry "HUN"]
[BlackTeamCountry "HUN"]

1. e4 d6 2. d4 Nf6 3. Nc3 Nbd7 4. Nf3 e5 5. Bc4 exd4 6. Nxd4 Nb6 7. Be2 Be7 8. 0-0 0-0 9. a4 a5 10. Be3 Re8 11. Nf3 c6 12. Qd4 c5 13. Qd2 d5 14. exd5 Nfxd5 15. Nxd5 Nxd5 16. Rfd1 Nxe3 17. Qxe3 Qc7 18. Bb5 Rf8 19. Qe5 Qxe5 20. Nxe5 Be6 21. Bc4 Bf6 22. Bxe6 Bxe5 23. Bd5 Rab8 24. Rd3 Bxb2 25. Rb1 Bf6 26. Rdb3 Rfd8 27. c4 Re8 28. Kf1 Re7 29. Rb5 Bd4 30. Bxb7 g6 31. Bd5 Rbe8 32. Bc6 Rc8 33. Rb8 Rxb8 34. Rxb8+ Kg7 35. Rb3 Rc7 36. Bd5 Re7 37. g3 h5 38. Rb5 Ra7 39. h4 Kf6 40. f3 Kg7 41. g4 Kf6 42. Kg2 Ke5 43. gxh5 gxh5 44. Kg3 Be3 45. f4+ Bxf4+ 46. Kf3 Bd2 47. Rxc5 Kd4 48. Rc8 Re7 49. Rd8 Re3+ 50. Kg2 Re2+ 51. Kf1 Re1+ 52. Kf2 Re5 53. Bxf7+ Kc3 54. Rd5 Be1+ 55. Kf3 Rxd5 56. cxd5 Bxh4 57. Kf4 Kb4 58. Bxh5 1/2-1/2

[Event "HUN-chT2 Erkel 2223"]
[Site "Hungary"]
[Date "2022.12.04"]
[Round "2.2"]
[White "Vegh, Endre"]
[Black "Feher, Gyula"]
[Result "1/2-1/2"]
[WhiteElo "2209"]
[BlackElo "2332"]
[PlyCount "20"]
[EventDate "2022.11.20"]
[EventType "team-tourn"]
[EventRounds "9"]
[EventCountry "HUN"]
[SourceTitle "EXT 2025"]
[Source "ChessBase"]
[SourceDate "2024.10.14"]
[SourceVersion "1"]
[SourceVersionDate "2024.10.14"]
[SourceQuality "1"]
[WhiteTeam "Dunaharaszti II"]
[BlackTeam "Magyar Sakkvilag"]
[WhiteTeamCountry "HUN"]
[BlackTeamCountry "HUN"]

1. d4 d5 2. c4 e6 3. Nc3 c6 4. e4 dxe4 5. Nxe4 Bb4+ 6. Nc3 c5 7. Nf3 Nf6 8. Be2 cxd4 9. Nxd4 0-0 10. 0-0 Nc6 1/2-1/2

[Event "Budapest FS09 IM"]
[Site "Budapest"]
[Date "2022.09.09"]
[Round "7"]
[White "Ilincic, Zlatko"]
[Black "Vegh, Endre"]
[Result "1/2-1/2"]
[WhiteElo "2316"]
[BlackElo "2200"]
[PlyCount "40"]
[EventDate "2022.09.03"]
[EventType "tourn"]
[EventRounds "11"]
[EventCountry "HUN"]
[EventCategory "2"]
[SourceTitle "CBM 210 Extra"]
[Source "ChessBase"]
[SourceDate "2022.11.30"]
[SourceVersion "1"]
[SourceVersionDate "2022.11.30"]
[SourceQuality "1"]

1. d4 d5 2. c4 dxc4 3. e4 b5 4. a4 c6 5. axb5 cxb5 6. Nc3 Qb6 7. Nd5 Qb7 8. Bf4 e5 9. Bxe5 Nd7 10. Bg3 Ngf6 11. Nc7+ Kd8 12. f3 Bb4+ 13. Kf2 Nxe4+ 14. fxe4 Nf6 15. Bxc4 Nxe4+ 16. Kf1 Nd2+ 17. Kf2 Ne4+ 18. Kf1 Nd2+ 19. Kf2 Ne4+ 20. Kf1 Nd2+ 1/2-1/2

[Event "Budapest FS09 IM"]
[Site "Budapest"]
[Date "2022.09.03"]
[Round "1"]
[White "Vegh, Endre"]
[Black "Mirzoev, Azer"]
[Result "1/2-1/2"]
[WhiteElo "2200"]
[BlackElo "2454"]
[PlyCount "26"]
[EventDate "2022.09.03"]
[EventType "tourn"]
[EventRounds "11"]
[EventCountry "HUN"]
[EventCategory "2"]
[SourceTitle "CBM 210 Extra"]
[Source "ChessBase"]
[SourceDate "2022.11.30"]
[SourceVersion "1"]
[SourceVersionDate "2022.11.30"]
[SourceQuality "1"]

1. d4 Nf6 2. c4 e6 3. Nf3 d5 4. g3 Bb4+ 5. Bd2 Be7 6. Bg2 0-0 7. 0-0 c6 8. Qc2 Nbd7 9. Bf4 Nh5 10. Bc1 Nhf6 11. Bf4 Nh5 12. Bc1 Nhf6 13. Bf4 Nh5 1/2-1/2

[Event "Budapest FS08 IM"]
[Site "Budapest"]
[Date "2022.08.09"]
[Round "4"]
[White "Vegh, Endre"]
[Black "Kovacsy, Barnabas"]
[Result "1/2-1/2"]
[WhiteElo "2211"]
[BlackElo "2244"]
[PlyCount "50"]
[EventDate "2022.08.06"]
[EventType "tourn"]
[EventRounds "9"]
[EventCountry "HUN"]
[SourceTitle "CBM 209 Extra"]
[Source "ChessBase"]
[SourceDate "2022.09.30"]
[SourceVersion "1"]
[SourceVersionDate "2022.09.30"]
[SourceQuality "1"]

1. d4 Nf6 2. c4 g6 3. h4 Bg7 4. Nc3 d5 5. h5 0-0 6. hxg6 hxg6 7. Bh6 Bxh6 8. Rxh6 Kg7 9. Qd2 c6 10. Nf3 Rh8 11. Rxh8 Qxh8 12. 0-0-0 Qh6 13. e3 Bg4 14. Be2 e6 15. Ne5 Bxe2 16. Qxe2 Nbd7 17. f4 Qh2 18. Qf3 Rh8 19. Rf1 Nb6 20. c5 Nc8 21. Nd3 Qh5 22. Qg3 Qh2 23. Qf3 Qh5 24. Qg3 Qh2 25. Qf3 Qh5 1/2-1/2

[Event "WchT Seniors 65"]
[Site "Acqui Terme"]
[Date "2022.06.21"]
[Round "2.1"]
[White "Vegh, Endre"]
[Black "Birnboim, Nathan"]
[Result "1-0"]
[WhiteElo "2225"]
[BlackElo "2383"]
[PlyCount "129"]
[EventDate "2022.06.20"]
[EventType "team-tourn"]
[EventRounds "9"]
[EventCountry "ITA"]
[SourceTitle "CBM 209 Extra"]
[Source "ChessBase"]
[SourceDate "2022.09.30"]
[SourceVersion "1"]
[SourceVersionDate "2022.09.30"]
[SourceQuality "1"]
[WhiteTeam "Hungary 65"]
[BlackTeam "Israel 65"]
[WhiteTeamCountry "HUN"]
[BlackTeamCountry "ISR"]

1. d4 d5 2. c4 c6 3. cxd5 cxd5 4. Bg5 Nc6 5. Nc3 Qb6 6. Qd2 e6 7. e3 Bd7 8. Bd3 Rc8 9. Rc1 Na5 10. Nf3 Bd6 11. 0-0 f5 12. Na4 Qb4 13. Qxb4 Bxb4 14. Rxc8+ Bxc8 15. Bb5+ Nc6 16. Bxc6+ bxc6 17. Rc1 h6 18. Bh4 g5 19. Bg3 Ne7 20. Bb8 Ng6 21. Bxa7 g4 22. Ne5 Nxe5 23. dxe5 Bd7 24. Bc5 Bd2 25. Rc2 Ba5 26. Bd6 Bd8 27. Nc5 Bc8 28. Rc3 Bb6 29. Na4 Bd8 30. Rxc6 Bd7 31. Ra6 Bxa4 32. Rxa4 Rh7 33. Ra8 Rb7 34. g3 Kd7 35. b3 Bc7 36. Ra6 Bxd6 37. Rxd6+ Ke7 38. Rc6 Kd7 39. Rc2 Rb4 40. Kf1 Re4 41. Rd2 Rxe5 42. Rd4 Re4 43. Ke2 Kc6 44. Rd2 Rb4 45. Kd3 Rb8 46. Kc3 h5 47. b4 h4 48. Kb3 h3 49. a4 e5 50. Rc2+ Kd6 51. b5 d4 52. exd4 exd4 53. Kb4 Kd5 54. a5 d3 55. Rd2 Kd4 56. a6 Ra8 57. Rd1 Ke4 58. Ka5 Kf3 59. Rxd3+ Kg2 60. b6 Kxh2 61. b7 Rb8 62. Kb6 Kg2 63. a7 h2 64. axb8Q h1Q 65. Qd6 1-0

[Event "HUN-chT2 Erkel 2122"]
[Site "Hungary"]
[Date "2021.10.10"]
[Round "1.4"]
[White "Vegh, Endre"]
[Black "Varaljai, Istvan"]
[Result "1-0"]
[WhiteElo "2231"]
[BlackElo "2047"]
[PlyCount "89"]
[EventDate "2021.10.10"]
[EventType "team-tourn"]
[EventRounds "9"]
[EventCountry "HUN"]
[SourceTitle "EXT 2025"]
[Source "ChessBase"]
[SourceDate "2024.10.14"]
[SourceVersion "1"]
[SourceVersionDate "2024.10.14"]
[SourceQuality "1"]
[WhiteTeam "Dunaharaszti II"]
[BlackTeam "Sarkany DSE"]
[WhiteTeamCountry "HUN"]
[BlackTeamCountry "HUN"]

1. d4 c5 2. d5 d6 3. c4 Nf6 4. Nc3 e6 5. e4 Be7 6. f4 exd5 7. cxd5 a6 8. a4 0-0 9. Nf3 Re8 10. Be2 Bf8 11. Nd2 Nbd7 12. 0-0 b6 13. Re1 Bb7 14. Bf3 Qe7 15. e5 dxe5 16. d6 Qxd6 17. Bxb7 Ra7 18. Bf3 Qd4+ 19. Kh1 Qxf4 20. Nde4 Qf5 21. Be3 Qe6 22. Qe2 h6 23. Rad1 Nxe4 24. Nxe4 Kh8 25. g4 g6 26. Qg2 Nf6 27. Nxf6 Qxf6 28. Be4 Rd8 29. Rxd8 Qxd8 30. Qh3 Kh7 31. g5 Rd7 32. Qg4 Rd6 33. Rf1 f5 34. Rxf5 h5 35. Qf3 Bg7 36. Rf7 Kg8 37. Ra7 Qf8 38. Ra8 Rd8 39. Qxf8+ Rxf8 40. Rxa6 Rb8 41. Ra8 Rxa8 42. Bxa8 e4 43. b3 Bc3 44. Bxe4 Kf7 45. Kg2 1-0

[Event "Zalakaros Barczay Memorial 40th"]
[Site "Zalakaros"]
[Date "2021.09.09"]
[Round "5"]
[White "Vegh, Endre"]
[Black "Valkova, Angelika"]
[Result "1-0"]
[WhiteElo "2236"]
[BlackElo "2034"]
[PlyCount "39"]
[EventDate "2021.09.05"]
[EventType "swiss"]
[EventRounds "9"]
[EventCountry "HUN"]
[SourceTitle "CBM 204 Extra"]
[Source "ChessBase"]
[SourceDate "2021.11.30"]
[SourceVersion "1"]
[SourceVersionDate "2021.11.30"]
[SourceQuality "1"]

1. d4 d5 2. Bg5 Nf6 3. e3 e6 4. Bd3 c5 5. c3 h6 6. Bh4 Qb6 7. b3 Be7 8. Nf3 g5 9. Bg3 Ne4 10. Bxe4 dxe4 11. Nfd2 cxd4 12. exd4 Nd7 13. h4 f5 14. hxg5 Bxg5 15. Qh5+ Kf8 16. Nc4 Qd8 17. Qg6 Nf6 18. Bd6+ Qxd6 19. Nxd6 Rh7 20. Ne8 1-0

[Event "Zalakaros Barczay Memorial 40th"]
[Site "Zalakaros"]
[Date "2021.09.06"]
[Round "2"]
[White "Csala, Imre"]
[Black "Vegh, Endre"]
[Result "1/2-1/2"]
[WhiteElo "2069"]
[BlackElo "2236"]
[PlyCount "31"]
[EventDate "2021.09.05"]
[EventType "swiss"]
[EventRounds "9"]
[EventCountry "HUN"]
[SourceTitle "CBM 204 Extra"]
[Source "ChessBase"]
[SourceDate "2021.11.30"]
[SourceVersion "1"]
[SourceVersionDate "2021.11.30"]
[SourceQuality "1"]

1. d4 f5 2. Nc3 d5 3. Bf4 Nf6 4. e3 e6 5. Nb5 Na6 6. c4 c6 7. Nc3 Nc7 8. Nf3 Be7 9. Ne5 0-0 10. Qc2 Nh5 11. cxd5 g5 12. Be2 Ng7 13. Bg3 Nxd5 14. Nxd5 Qxd5 15. 0-0 Ne8 16. Bc4 1/2-1/2

[Event "Budapest FS04 IM"]
[Site "Budapest"]
[Date "2021.04.09"]
[Round "6"]
[White "Vegh, Endre"]
[Black "Hrescak, Ivana"]
[Result "1-0"]
[WhiteElo "2223"]
[BlackElo "2201"]
[PlyCount "105"]
[EventDate "2021.04.03"]
[EventType "tourn"]
[EventRounds "9"]
[EventCountry "HUN"]
[SourceTitle "CBM 201 Extra"]
[Source "ChessBase"]
[SourceDate "2021.05.31"]
[SourceVersion "1"]
[SourceVersionDate "2021.05.31"]
[SourceQuality "1"]

1. d4 Nf6 2. c4 g6 3. Nc3 Bg7 4. e4 d6 5. Nge2 0-0 6. Ng3 e5 7. d5 Nbd7 8. Be2 a5 9. h4 h5 10. Bg5 Nc5 11. Bxh5 gxh5 12. Nxh5 Kh8 13. Nxg7 Kxg7 14. Qf3 Rh8 15. 0-0-0 a4 16. Rdg1 c6 17. Rh3 Ncd7 18. Rg3 Kf8 19. Rd1 Qe7 20. Rd2 Rg8 21. Qd1 Ra6 22. a3 Nc5 23. Re2 Rg6 24. Kb1 Qc7 25. Ree3 Nh7 26. Qh5 Nxg5 27. hxg5 Kg7 28. Ref3 Rb6 29. Rf6 Nb3 30. Rxg6+ fxg6 31. Qh6+ Kg8 32. Qxg6+ Qg7 33. Qxd6 Nd2+ 34. Kc1 Nxc4 35. Qc5 Rxb2 36. Qxc4 Rxf2 37. dxc6+ Qf7 38. Qxf7+ Rxf7 39. Rd3 Rc7 40. Rd6 Rxc6 41. Rxc6 bxc6 42. Nxa4 Kg7 43. Nc5 Kg6 44. Kd2 Kxg5 45. a4 Kf4 46. Kd3 Kg3 47. a5 Kxg2 48. a6 Bxa6+ 49. Nxa6 Kf3 50. Nc5 Kf4 51. Nd7 c5 52. Nxc5 Kf3 53. Kc4 1-0

[Event "Budapest FS04 IM"]
[Site "Budapest"]
[Date "2021.04.07"]
[Round "5"]
[White "Vegh, Endre"]
[Black "Gaal, Zsoka"]
[Result "1-0"]
[WhiteElo "2223"]
[BlackElo "2169"]
[PlyCount "67"]
[EventDate "2021.04.03"]
[EventType "tourn"]
[EventRounds "9"]
[EventCountry "HUN"]
[SourceTitle "CBM 201 Extra"]
[Source "ChessBase"]
[SourceDate "2021.05.31"]
[SourceVersion "1"]
[SourceVersionDate "2021.05.31"]
[SourceQuality "1"]

1. d4 Nf6 2. c4 e6 3. Nc3 Bb4 4. a3 Bxc3+ 5. bxc3 Nc6 6. f3 b6 7. e4 Ba6 8. Bg5 h6 9. Bh4 g5 10. Bf2 Nh5 11. h4 Qf6 12. e5 Qg7 13. Nh3 Na5 14. g4 Nf4 15. Nxf4 gxf4 16. Qa4 f6 17. exf6 Qxf6 18. c5 Bb7 19. Be2 Bc6 20. Qb4 Kf7 21. Rd1 Rab8 22. c4 Rhe8 23. Kf1 Ba8 24. cxb6 axb6 25. g5 Qg6 26. Qd2 hxg5 27. hxg5 Qxg5 28. Rh7+ Kg8 29. Rh4 Qf5 30. Rg4+ Kh8 31. Bd3 Nxc4 32. Qe2 Ne3+ 33. Bxe3 Qh5 34. Bxf4 1-0

[Event "Budapest FS08 IM"]
[Site "Budapest"]
[Date "2020.09.11"]
[Round "6"]
[White "Lyell, Mark"]
[Black "Vegh, Endre"]
[Result "1/2-1/2"]
[WhiteElo "2266"]
[BlackElo "2213"]
[PlyCount "72"]
[EventDate "2020.09.05"]
[EventType "tourn"]
[EventRounds "9"]
[EventCountry "HUN"]
[EventCategory "1"]
[SourceTitle "EXT 2021"]
[Source "ChessBase"]
[SourceDate "2020.10.23"]
[SourceVersion "1"]
[SourceVersionDate "2020.10.23"]
[SourceQuality "1"]

1. e4 c5 2. Nc3 e6 3. Nge2 a6 4. g3 b5 5. Bg2 Bb7 6. 0-0 Nf6 7. d4 b4 8. Na4 Bxe4 9. Nxc5 Bxg2 10. Kxg2 Qc7 11. Nd3 Nc6 12. Bf4 Bd6 13. a3 bxa3 14. Rxa3 Bxf4 15. Ndxf4 0-0 16. Nd3 Rfc8 17. c3 a5 18. Nef4 e5 19. dxe5 Nxe5 20. Nxe5 Qxe5 21. Re1 Qb5 22. Nd3 Re8 23. Qf3 Rxe1 24. Qxa8+ Re8 25. Qf3 d5 26. Qd1 h6 27. Ra1 Rb8 28. Qf3 Re8 29. Rd1 Qb3 30. Rd2 Ne4 31. Re2 Re6 32. Re3 Ng5 33. Qe2 d4 34. Rxe6 Nxe6 35. cxd4 Qd5+ 36. f3 Qxd4 1/2-1/2

[Event "Budapest FS08 IM"]
[Site "Budapest"]
[Date "2020.09.09"]
[Round "5"]
[White "Vegh, Endre"]
[Black "Koelle, Tobias"]
[Result "1/2-1/2"]
[WhiteElo "2213"]
[BlackElo "2275"]
[PlyCount "64"]
[EventDate "2020.09.05"]
[EventType "tourn"]
[EventRounds "9"]
[EventCountry "HUN"]
[EventCategory "1"]
[SourceTitle "EXT 2021"]
[Source "ChessBase"]
[SourceDate "2020.10.23"]
[SourceVersion "1"]
[SourceVersionDate "2020.10.23"]
[SourceQuality "1"]

1. d4 Nf6 2. c4 e6 3. Nc3 Bb4 4. a3 Bxc3+ 5. bxc3 c5 6. e3 Nc6 7. Bd3 b6 8. Ne2 0-0 9. 0-0 Ba6 10. e4 Ne8 11. f4 f5 12. exf5 exf5 13. Ng3 g6 14. dxc5 bxc5 15. Be3 d6 16. Re1 Nf6 17. h3 Qd7 18. Qa4 Bb7 19. Rad1 Rfe8 20. Bf2 Rxe1+ 21. Rxe1 Re8 22. Rd1 Qc7 23. Rb1 Nd7 24. Be2 Nb6 25. Qb5 Rb8 26. Bf3 Kf8 27. Nf1 Ba8 28. Re1 Ne7 29. Bxa8 Nxa8 30. Qa4 Nb6 31. Qa6 Qb7 32. Qb5 Nd7 1/2-1/2

[Event "Budapest FS08 IM"]
[Site "Budapest"]
[Date "2020.09.06"]
[Round "2"]
[White "Weber, Samuel"]
[Black "Vegh, Endre"]
[Result "1/2-1/2"]
[WhiteElo "2321"]
[BlackElo "2213"]
[PlyCount "62"]
[EventDate "2020.09.05"]
[EventType "tourn"]
[EventRounds "9"]
[EventCountry "HUN"]
[EventCategory "1"]
[SourceTitle "EXT 2021"]
[Source "ChessBase"]
[SourceDate "2020.10.23"]
[SourceVersion "1"]
[SourceVersionDate "2020.10.23"]
[SourceQuality "1"]

1. c4 e5 2. g3 c6 3. d4 e4 4. Nc3 d5 5. cxd5 cxd5 6. Qb3 Nc6 7. Qxd5 Qxd5 8. Nxd5 Nxd4 9. Nc7+ Kd8 10. Nxa8 Nc2+ 11. Kd1 Nxa1 12. Bg2 Nf6 13. b3 Be6 14. Bb2 Nxb3 15. axb3 Bxb3+ 16. Kc1 Kc8 17. Bxf6 gxf6 18. Nb6+ axb6 19. Bxe4 Ba3+ 20. Kb1 b5 21. Nf3 b4 22. Nd4 Be6 23. Bc2 h6 24. Rd1 Rd8 25. e3 Rd6 26. Rd3 Bc4 27. Rd2 Be6 28. f4 Kd7 29. Rf2 Ke7 30. Rf1 Kf8 31. Rd1 Ke7 1/2-1/2